000 01134nam a22001937a 4500
003 JO-AjAnu
005 20240402092055.0
008 240402b jo ||||| |||| 00| 0 ara d
040 _aJO-AjAnu
_cANU
041 1 _hARA
100 1 _aالصمادي، صبري عبد الكريم محمود
_eمؤلف
_965227
245 0 _aفاعلية برنامج إرشادي سلوكي قائم على القصص الاجتماعية لخفض السلوك العدواني لدى طلبة صعوبات التعلم في محافظة عجلون = Behavioral Counseling Program Effectiveness Based on Social Stories to Reduce Aggressive Behavior among Students with Learning Disabilities in Ajloun Governorate /
_cاعداد صبري عبد الكريم محمود الصمادي ؛ اشراف فيصل عيسى نواصره
260 _c2023
300 _a105 ورقة
500 _aرسالة جامعية (ماجستير) تخصص صعوبات التعلم / جامعة عجلون الوطنية ، 2023
650 7 _vالعدوانية-جوانب نفسية
700 0 _aفيصل النواصرة
_eمشرف
_965115
942 _2lcc
_cREF
_n0
999 _c33389
_d33389